<?xml version="1.0" encoding="UTF-8"?>
<record
    xmlns:xsi="http://www.w3.org/2001/XMLSchema-instance"
    xsi:schemaLocation="http://www.loc.gov/MARC21/slim http://www.loc.gov/standards/marcxml/schema/MARC21slim.xsd"
    xmlns="http://www.loc.gov/MARC21/slim">

  <leader>02560nam a2200301 a 4500</leader>
  <controlfield tag="001">BRCA_2360</controlfield>
  <controlfield tag="005">20190320203755.0</controlfield>
  <controlfield tag="008">051108s1871----sp-#---###---#000-0#spa-u</controlfield>
  <datafield tag="041" ind1=" " ind2=" ">
    <subfield code="a">spa</subfield>
  </datafield>
  <datafield tag="044" ind1=" " ind2=" ">
    <subfield code="a">sp</subfield>
  </datafield>
  <datafield tag="084" ind1=" " ind2=" ">
    <subfield code="a">001</subfield>
    <subfield code="b">.L67</subfield>
    <subfield code="c">1871 F1605</subfield>
  </datafield>
  <datafield tag="100" ind1="1" ind2=" ">
    <subfield code="a">Cervantes Saavedra, Miguel de</subfield>
    <subfield code="d">1547-1616</subfield>
    <subfield code="9">213</subfield>
  </datafield>
  <datafield tag="130" ind1="0" ind2=" ">
    <subfield code="a">El Ingenioso Hidalgo Don Quijote de la Mancha</subfield>
    <subfield code="9">7075</subfield>
  </datafield>
  <datafield tag="245" ind1="1" ind2="0">
    <subfield code="a">La primera edici&#xF3;n del Ingenioso Hidalgo Don Quijote de la Mancha</subfield>
    <subfield code="c">compuesto por Miguel de Cervantes Saavedra.</subfield>
  </datafield>
  <datafield tag="260" ind1=" " ind2=" ">
    <subfield code="a">Barcelona</subfield>
    <subfield code="b">Francisco L&#xF3;pez Fabra</subfield>
    <subfield code="c">1871</subfield>
  </datafield>
  <datafield tag="300" ind1=" " ind2=" ">
    <subfield code="a">1 v. (en varias paginaciones)</subfield>
    <subfield code="c">29 cm.</subfield>
  </datafield>
  <datafield tag="500" ind1=" " ind2=" ">
    <subfield code="a">Contenido : Portada con el escudo y el lema &#xB4;Post tenebras spero lucem&#xB4;. Tasa. Testimonio de erratas. Privilegio. Dedicatoria del autor al Duque de B&#xE9;jar. Pr&#xF3;logo del autor. Versos preliminares. Texto</subfield>
  </datafield>
  <datafield tag="500" ind1=" " ind2=" ">
    <subfield code="a">Facs&#xED;mil de : El ingenioso hidalgo Don Quixote de la Mancha. Madrid: Juan de la Cuesta, 1605</subfield>
  </datafield>
  <datafield tag="500" ind1=" " ind2=" ">
    <subfield code="a">Primer facs&#xED;mil de la primera parte de la edici&#xF3;n pr&#xED;ncipe, elaborado por Francisco L&#xF3;pez Fabra, en Barcelona, durante los a&#xF1;os de 1871-73. En la portada lleva el escudo con el mote: Post tenebras spero lucem. Texto con centenares de erratas, especialmente errores de puntuaci&#xF3;n. Falta, adem&#xE1;s, el episodio del robo del rucio. Privilegio para Castilla &#xFA;nicamente. La licencia real fechada en Valladolid, a 26 de septiembre de 1604. Su existencia se ignor&#xF3; cerca de dos siglos durante los cuales todas las ediciones posteriores - salvo las de Lisboa - siguieron el texto de la segunda edici&#xF3;n de Cuesta. Su desaparici&#xF3;n r&#xE1;pida y casi completa - en todo el mundo quedan solo siete &#xF3; nueve ejemplares - la ha explicado documentalmente Rodr&#xED;guez Mar&#xED;n, uno de los m&#xE1;s destacados cervantistas espa&#xF1;oles por lo que toca a letra de la obra y minucias hist&#xF3;ricas de la &#xE9;poca cervantina, quien la tribuye al env&#xED;o a Am&#xE9;rica de la mayor parte de la tirada, confiscada y destruida por la Inquisici&#xF3;n. Bonito ejemplar. La encuadernaci&#xF3;n en pergamino, ricamente adornada con florones y filetes dorados en lomo y planos, demuestra el exquisito gusto y alta estima de esta edici&#xF3;n por parte del Sr. Franz Mayer L&#xFA;dovik Osterc</subfield>
  </datafield>
  <datafield tag="500" ind1=" " ind2=" ">
    <subfield code="a">QM117</subfield>
  </datafield>
  <datafield tag="650" ind1="1" ind2="4">
    <subfield code="a">Novela espa&#xF1;ola</subfield>
    <subfield code="y">&#xC9;poca cl&#xE1;sica, 1500-1700</subfield>
    <subfield code="9">215</subfield>
  </datafield>
  <datafield tag="650" ind1="1" ind2="4">
    <subfield code="a">Literatura espa&#xF1;ola</subfield>
    <subfield code="y">&#xC9;poca cl&#xE1;sica, 1500-1700</subfield>
    <subfield code="9">216</subfield>
  </datafield>
  <datafield tag="650" ind1="1" ind2="4">
    <subfield code="a">Novela espa&#xF1;ola</subfield>
    <subfield code="y">Siglo XVII</subfield>
    <subfield code="9">217</subfield>
  </datafield>
  <datafield tag="650" ind1="1" ind2="4">
    <subfield code="a">Don Quijote (Personaje ficticio)</subfield>
    <subfield code="e">Novela</subfield>
    <subfield code="9">218</subfield>
  </datafield>
  <datafield tag="740" ind1="0" ind2=" ">
    <subfield code="a">El Ingenioso Hidalgo Don Quijote de la Mancha</subfield>
  </datafield>
  <datafield tag="902" ind1=" " ind2=" ">
    <subfield code="a">QFM</subfield>
  </datafield>
  <datafield tag="942" ind1=" " ind2=" ">
    <subfield code="2">lcc</subfield>
    <subfield code="c">B</subfield>
  </datafield>
  <datafield tag="999" ind1=" " ind2=" ">
    <subfield code="c">2101</subfield>
    <subfield code="d">2101</subfield>
  </datafield>
  <datafield tag="952" ind1=" " ind2=" ">
    <subfield code="0">0</subfield>
    <subfield code="1">0</subfield>
    <subfield code="4">0</subfield>
    <subfield code="7">0</subfield>
    <subfield code="a">BRCA</subfield>
    <subfield code="b">BRCA</subfield>
    <subfield code="d">2008-11-05</subfield>
    <subfield code="i">QM117</subfield>
    <subfield code="l">0</subfield>
    <subfield code="o">001 .L67 1871 F1605 (QM117)</subfield>
    <subfield code="p">2357</subfield>
    <subfield code="r">2019-03-22 00:00:00</subfield>
    <subfield code="w">2019-03-22</subfield>
    <subfield code="y">B</subfield>
  </datafield>
</record>
